|
|
|
|
| LEADER |
01686nam a2200433 a 4500 |
| 001 |
000489549 |
| 003 |
CZ BrMZK |
| 005 |
20210303122422.0 |
| 007 |
ta |
| 008 |
000115s1999 xr e 0 cze d |
| 015 |
|
|
|a cnb000966893
|
| 020 |
|
|
|a 80-86197-09-3
|
| 035 |
|
|
|a (OCoLC)45700234
|
| 040 |
|
|
|a BOA001
|b cze
|
| 043 |
|
|
|a ec-----
|
| 072 |
|
7 |
|a 71
|x Územní plánování. Urbanismus. Památková péče
|2 Konspekt
|9 21
|
| 072 |
|
7 |
|a 94(4)
|x Dějiny Evropy
|2 Konspekt
|9 8
|
| 080 |
|
|
|a 711.432
|2 MRF
|
| 080 |
|
|
|a 711.433
|2 MRF
|
| 080 |
|
|
|a 911.375(091)
|2 MRF
|
| 080 |
|
|
|a (4-191.2)
|2 MRF
|
| 080 |
|
|
|a (048.8)
|2 MRF
|
| 100 |
1 |
|
|a Pešek, Jiří,
|d 1954-
|7 jn19990209647
|4 aut
|
| 245 |
1 |
0 |
|a Od aglomerace k velkoměstu :
|b Praha a středoevropské metropole 1850-1920 /
|c Jiří Pešek
|
| 250 |
|
|
|a Vyd. 1.
|
| 260 |
|
|
|a Praha :
|b Scriptorium,
|c 1999
|
| 300 |
|
|
|a 319 s. :
|b mapy (některé barev.) ;
|c 24 cm
|
| 490 |
1 |
|
|a Documenta Pragensia. Monographia ;
|v vol. 9
|
| 500 |
|
|
|a Bibliogr.
|
| 650 |
0 |
7 |
|a hlavní města
|7 ph114673
|z Evropa střední
|2 czenas
|
| 650 |
0 |
7 |
|a velkoměsta
|7 ph137092
|z Evropa střední
|2 czenas
|
| 650 |
0 |
7 |
|a dějiny měst
|7 ph927609
|z Evropa střední
|2 czenas
|
| 655 |
|
7 |
|a monografie
|7 fd132842
|2 czenas
|
| 830 |
|
0 |
|a Documenta Pragensia.
|p Monographia
|0 s
|
| 856 |
4 |
1 |
|u http://www.digitalniknihovna.cz/mzk/uuid/uuid:8da6ce60-4dec-11e8-9a44-005056827e52
|y Digitalizovan dokument
|x NDK
|
| 910 |
|
|
|a BOA001
|b 2-1075.670
|
| 990 |
|
|
|a BK
|
| 996 |
6 |
|
|b 2610119286
|c 2-1075.670
|l MZK
|r Sklad / do 1 hodiny
|n 2
|p p.v.
|w 000489549
|u 000010
|a 1
|e BOA001
|j MZK50
|s P
|
| 996 |
7 |
|
|b 2610138667
|c 2-1075.670
|l MZK
|r Sklad / do 1 hodiny
|n 44
|p p.v.
|w 000489549
|u 000020
|a 1
|e BOA001
|j MZK50
|s A
|